000 00476nam a22001697a 4500
999 _c40754
_d40754
003 OSt
005 20200606120146.0
008 191101b ||||| |||| 00| 0 eng d
020 _a9788192702704
040 _cMESKC library
082 _a891.43
_bRAM/I
100 _aRamaswami, Sunder
_935
245 _aEmli Puran /
_cSunder Ramaswami
260 _aNew Delhi :
_bJnan Books
_c2011
300 _a176p
942 _2ddc
_cBK
_h891.43
_iRAM/I
_k891.43
_mRAM/I